El desarrollo de la motivación en el contexto escolar : un estudio a través del habla privada /

La perspectiva tradicional en el estudio de la motivación académica considera los diferentes estilos motivacionales como fruto de un proceso evolutivo fijo o de la historia personal de aprendizajes. Desde estos enfoques, los pocos estudios existentes en la literatura son meramente descriptivos, cent...

Descripción completa

Detalles Bibliográficos
Autor principal: Montero Corominas, María José
Otros Autores: Dios, María Jose de, Huertas, Juan Antonio
Formato: Analitica de revista
Lenguaje:español

MARC

LEADER 00000cab a2200000 a 4500
001 031977
003 UAHC_CL
005 20170803123426.0
008 040412b xx j 000 1 spa
040 |a UAHC_CL  |c UAHC_CL  |d UAHC_CL 
100 1 |a Montero Corominas, María José 
245 1 3 |a El desarrollo de la motivación en el contexto escolar :  |b un estudio a través del habla privada /  |c Ignacio Montero, María José de Dios, Juan Antonio Huertas. 
300 |a pp. 57-72 
500 |a Estudios de Psicología (España), 2001. Vol 22 (3). pp. 305-318 
500 |a Estudios de Psicología (España), 2001. Vol 22 (3). pp. 305-318 
520 |a La perspectiva tradicional en el estudio de la motivación académica considera los diferentes estilos motivacionales como fruto de un proceso evolutivo fijo o de la historia personal de aprendizajes. Desde estos enfoques, los pocos estudios existentes en la literatura son meramente descriptivos, centrándose en el momento de aparición de los elementos motivacionales y su semejanza a los de los adultos. Este artículo, partiendo de algunas extrapolaciones teóricas de la perspectiva socio-histórica vygotskiana al ámbito de la motivación académica, presenta un estudio longitudinal mediante observación natural de niños Educación Infantil y Primaria, en el que se analiza la aparición y evolución del habla privada o egocéntrica con contenido motivacional en función de la edad. Apareciendo, desde el inicio de la escolaridad, algunos elementos que configuran la motivación por el aprendizaje en sus primeras fases de desarrollo, mientras que los elementos más ligados a patrones de motivación por el lucimiento presentan una aparición más tardía en el desarrollo. 
520 |a La perspectiva tradicional en el estudio de la motivación académica considera los diferentes estilos motivacionales como fruto de un proceso evolutivo fijo o de la historia personal de aprendizajes. Desde estos enfoques, los pocos estudios existentes en la literatura son meramente descriptivos, centrándose en el momento de aparición de los elementos motivacionales y su semejanza a los de los adultos. Este artículo, partiendo de algunas extrapolaciones teóricas de la perspectiva socio-histórica vygotskiana al ámbito de la motivación académica, presenta un estudio longitudinal mediante observación natural de niños Educación Infantil y Primaria, en el que se analiza la aparición y evolución del habla privada o egocéntrica con contenido motivacional en función de la edad. Apareciendo, desde el inicio de la escolaridad, algunos elementos que configuran la motivación por el aprendizaje en sus primeras fases de desarrollo, mientras que los elementos más ligados a patrones de motivación por el lucimiento presentan una aparición más tardía en el desarrollo. 
700 1 |a Dios, María Jose de 
700 1 |a Huertas, Juan Antonio 
700 1 |a Dios, María Jose de 
759 |a PP066 
773 0 |t Estudios de psicología.  |w 031866 
900 |a ESTUD. PSICOL.-22(03)/01 
942 |c REVA 
952 |0 0  |1 0  |4 0  |6 ESTUD___PSICOL_2203_01_000000000000000  |7 0  |8 General  |9 62126  |a BC  |b BC  |c General  |d 2017-08-03  |l 0  |o ESTUD. PSICOL.-22(03)/01  |p FICTICIO2743  |r 2019-01-08 00:00:00  |t 1  |w 2017-08-03  |y REVA 
999 |c 31977  |d 31977